The enforcement of adjudicators' awards under the Housing Grants Construction and Regeneration Act 1996 part 27 (Record no. 80268)
[ view plain ]
| 000 -LEADER | |
|---|---|
| fixed length control field | 01634cab a22002775a 4500 |
| 001 - CONTROL NUMBER | |
| control field | L143772 |
| 008 - FIXED-LENGTH DATA ELEMENTS--GENERAL INFORMATION | |
| fixed length control field | 080530s2008 xxk f v 000 0 eng d |
| 035 ## - SYSTEM CONTROL NUMBER | |
| System control number | (Sirsi) u143772 |
| 041 0# - LANGUAGE CODE | |
| Language code of text/sound track or separate title | eng |
| 100 1# - MAIN ENTRY--PERSONAL NAME | |
| Personal name | Salmon, Kenneth T. |
| 245 04 - TITLE STATEMENT | |
| Title | The enforcement of adjudicators' awards under the Housing Grants Construction and Regeneration Act 1996 part 27 |
| 260 ## - PUBLICATION, DISTRIBUTION, ETC. | |
| Date of publication, distribution, etc. | 2008 |
| 490 #0 - SERIES STATEMENT | |
| Series statement | Arbitration |
| Volume/sequential designation | 74(2) May 2008, 181-187(7) |
| 520 ## - SUMMARY, ETC. | |
| Summary, etc. | Comments on a range of issues arising from decisions in cases where the enforcement of adjudicator's awards are reviewed. Issues covered include: oral variation of construction contracts; terms in writing of construction contracts; effect of decision; interest on payments; when payments due; withholding payment. Uses several specific cases as examples and comments on them in light of the issues they raised. (See also: L141909; L142227; L139846; L141911; L143203). |
| 590 ## - LOCAL NOTE (RLIN) | |
| Local note | KA |
| 650 24 - SUBJECT ADDED ENTRY--TOPICAL TERM | |
| Topical term or geographic name entry element | TREASURE AND SON LTD V MARTIN DAWES |
| 650 24 - SUBJECT ADDED ENTRY--TOPICAL TERM | |
| Topical term or geographic name entry element | HARRIS CALNAN CONSTRUCTION CO. LTD V RIDGEWOOD (KENSINGTON) LTD |
| 650 24 - SUBJECT ADDED ENTRY--TOPICAL TERM | |
| Topical term or geographic name entry element | LEDWOOD MECHANICAL ENGINEERING LTD V (1) WHESSOE OIL AND GAS AND (2) VOLKER STEVIN CONSTRUCTION EUROPE BV |
| 650 24 - SUBJECT ADDED ENTRY--TOPICAL TERM | |
| Topical term or geographic name entry element | BOTHMA V MAYHAVEN HEALTHCARE LTD |
| 650 24 - SUBJECT ADDED ENTRY--TOPICAL TERM | |
| Topical term or geographic name entry element | RINGWAY INFRASTRUCTURE SERVICES LTD V VAUXHALL MOTORS LTD NO 2 |
| 650 24 - SUBJECT ADDED ENTRY--TOPICAL TERM | |
| Topical term or geographic name entry element | PC HARRINGTON CONTRACTORS LTD V MULTIPLEX CONSTRUCTIONS (UK) LTD |
| 650 24 - SUBJECT ADDED ENTRY--TOPICAL TERM | |
| Topical term or geographic name entry element | HOUSING GRANTS, CONSTRUCTION AND REGENERATION ACT 1996 |
| 651 #4 - SUBJECT ADDED ENTRY--GEOGRAPHIC NAME | |
| Geographic name | England and Wales |
| Chronological subdivision | 1543- |
| 690 ## - LOCAL SUBJECT ADDED ENTRY--TOPICAL TERM (OCLC, RLIN) | |
| Topical term or geographic name as entry element | MANAGEMENT-DISPUTE AVOIDANCE, MANAGEMENT AND RESOLUTION-DISPUTE MANAGEMENT AND RESOLUTION-ARBITRATION |
| 942 ## - ADDED ENTRY ELEMENTS (KOHA) | |
| Suppress in OPAC | 0 |
| Withdrawn status | Lost status | Source of classification or shelving scheme | Damaged status | Not for loan | Home library | Current library | Shelving location | Date acquired | Total Checkouts | Full call number | Barcode | Date last seen | Copy number | Price effective from | Koha item type |
|---|---|---|---|---|---|---|---|---|---|---|---|---|---|---|---|
| Dewey Decimal Classification | London | London | Journal article | 30/05/2008 | L143772 | 143772-1001 | 06/08/2019 | 1 | 06/08/2019 | Journal article |